| 000 | 00437nam a22001817a 4500 | ||
|---|---|---|---|
| 003 | NUST - PNEC | ||
| 005 | 20170116181139.0 | ||
| 008 | 151007b xxu||||| |||| 00| 0 eng d | ||
| 020 | _a9780143112877 | ||
| 040 | _cLIBRARY | ||
| 082 | _a823.8 TOM | ||
| 100 |
_914524 _aTomalin, Claire |
||
| 245 |
_aThomas Hardy _cClaire Tomalin |
||
| 250 | _a- | ||
| 260 | _c2006 | ||
| 650 |
_914525 _aAuthors, English _xGeneral |
||
| 942 |
_2ddc _cBK |
||
| 999 |
_c70405 _d70405 |
||